| 000 | 00711nam a2200241Ia 4500 | ||
|---|---|---|---|
| 003 | OSt | ||
| 005 | 20220925180606.0 | ||
| 006 | a|||||r|||| 00| 0 | ||
| 007 | ta | ||
| 008 | 220923b |||||||| |||| 00| 0 eng d | ||
| 037 | _cGeneral Book | ||
| 040 |
_aRTL _cRTL _beng |
||
| 041 |
_2eng _aeng |
||
| 082 | _aY2:34.1.N5, J5;1 | ||
| 100 | _aGhurye G S | ||
| 245 | 0 |
_aFamily and kin _b In Indo-European culture |
|
| 260 |
_aCambridge _bOxford Univ.Press _c1955 |
||
| 300 |
_a254p _ccm. |
||
| 490 | _aUniversity of Bombay Publications Sociology Series.4 | ||
| 650 |
_aMarraige and Kinship _9239327 |
||
| 942 |
_hY2:34.1.N5, J5;1 _cGB _2CC |
||
| 999 |
_c496994 _d496994 |
||